El trabajo infantil en los semáforos de las calles de la Cabecera Departamental de Huehuetenango./ (Registro nro. 5371)
[ vista simple ]
| 000 -LEADER | |
|---|---|
| campo de control de longitud fija | 01031nam a22002777a 4500 |
| 003 - IDENTIFICADOR DE NÚMERO DE CONTROL | |
| campo de control | OSt |
| 005 - FECHA Y HORA DE LA ÚLTIMA TRANSACCIÓN | |
| campo de control | 20250609202034.0 |
| 007 - CAMPO FIJO DE DESCRIPCIÓN FÍSICA--INFORMACIÓN GENERAL | |
| campo de control de longitud fija | ta |
| 008 - DATOS DE LONGITUD FIJA--INFORMACIÓN GENERAL | |
| campo de control de longitud fija | 250609b |||||||| |||| 00| 0 sp d |
| 040 ## - FUENTE DE CATALOGACIÓN | |
| Centro catalogador/agencia de origen | CUNOROC |
| Lengua de catalogación | spa |
| Centro/agencia transcriptor | CUNOROC |
| Centro/agencia modificador | CUNOROC |
| 041 ## - CÓDIGO DE IDIOMA | |
| Código de lengua del texto/banda sonora o título independiente | spa |
| Código de lengua del texto cantado o hablado | spa |
| Código de lengua de los libretos | spa |
| Código de idioma del material acompañante/anexo si no son libretos y transcripciones | spa |
| Código de lengua original | spa |
| 082 ## - NÚMERO DE LA CLASIFICACIÓN DECIMAL DEWEY | |
| Número de clasificación | T 18 09 |
| 100 10 - ENTRADA PRINCIPAL--NOMBRE DE PERSONA | |
| Nombre de persona | Castillo Martínez, Dulce María. |
| Término indicativo de función/relación | Autora. |
| 9 (RLIN) | 13023 |
| 245 10 - MENCIÓN DEL TÍTULO | |
| Título | El trabajo infantil en los semáforos de las calles de la Cabecera Departamental de Huehuetenango./ |
| Mención de responsabilidad, etc. | Dulce María Castillo Martínez./ |
| Medio | Digital.-- |
| 260 ## - PUBLICACIÓN, DISTRIBUCIÓN, ETC. | |
| Lugar de publicación, distribución, etc. | Huehuetenango, Guatemala: |
| Nombre del editor, distribuidor, etc. | CUNOROC; |
| Fecha de publicación, distribución, etc. | c2015. |
| 300 ## - DESCRIPCIÓN FÍSICA | |
| Extensión | 115 páginas: |
| Otras características físicas | il; |
| Dimensiones | 21 cm. |
| 650 ## - PUNTO DE ACCESO ADICIONAL DE MATERIA--TÉRMINO DE MATERIA | |
| Término de materia o nombre geográfico como elemento de entrada | Trabajo infantil |
| 9 (RLIN) | 12977 |
| 650 ## - PUNTO DE ACCESO ADICIONAL DE MATERIA--TÉRMINO DE MATERIA | |
| Término de materia o nombre geográfico como elemento de entrada | Prostitución |
| 9 (RLIN) | 13024 |
| 650 ## - PUNTO DE ACCESO ADICIONAL DE MATERIA--TÉRMINO DE MATERIA | |
| Término de materia o nombre geográfico como elemento de entrada | Derechos del niño |
| 9 (RLIN) | 7705 |
| 650 ## - PUNTO DE ACCESO ADICIONAL DE MATERIA--TÉRMINO DE MATERIA | |
| Término de materia o nombre geográfico como elemento de entrada | Ley de la niñez y la adolescencia |
| 9 (RLIN) | 13025 |
| 650 ## - PUNTO DE ACCESO ADICIONAL DE MATERIA--TÉRMINO DE MATERIA | |
| Término de materia o nombre geográfico como elemento de entrada | Código de trabajo |
| 9 (RLIN) | 12979 |
| 650 ## - PUNTO DE ACCESO ADICIONAL DE MATERIA--TÉRMINO DE MATERIA | |
| Término de materia o nombre geográfico como elemento de entrada | Explotación infantil |
| 9 (RLIN) | 13026 |
| 650 ## - PUNTO DE ACCESO ADICIONAL DE MATERIA--TÉRMINO DE MATERIA | |
| Término de materia o nombre geográfico como elemento de entrada | Pobreza |
| 9 (RLIN) | 3598 |
| 856 ## - LOCALIZACIÓN Y ACCESO ELECTRÓNICOS | |
| Identificador Uniforme de Recursos | <a href="https://drive.google.com/file/d/13470nxpbAU0LfUMvT39JHG__aX5RIaAb/view?usp=sharing">https://drive.google.com/file/d/13470nxpbAU0LfUMvT39JHG__aX5RIaAb/view?usp=sharing</a> |
| 942 ## - ELEMENTOS DE ENTRADA SECUNDARIOS (KOHA) | |
| Fuente del sistema de clasificación o colocación | Clasificación Decimal Dewey |
| Tipo de ítem Koha | TESIS |
| Suprimir en OPAC | No |
| Estatus retirado | Estado de pérdida | Fuente del sistema de clasificación o colocación | Estado de daño | No para préstamo | Código de colección | Biblioteca de origen | Biblioteca actual | Ubicación en estantería | Fecha de adquisición | Total de préstamos | Signatura topográfica completa | Visto por última vez | Precio de reemplazo | Tipo de ítem Koha | Nota pública |
|---|---|---|---|---|---|---|---|---|---|---|---|---|---|---|---|
| Clasificación Decimal Dewey | No ficción | Biblioteca Victor Manuel Calderón Saenz. del Centro Universitario Huehuetenango | Biblioteca Victor Manuel Calderón Saenz. del Centro Universitario Huehuetenango | Documento de Graduación | 09/06/2025 | T 18 09 | 09/06/2025 | 09/06/2025 | TESIS | Disponible |

